| 000 | 00478nam a2200145Ia 4500 | ||
|---|---|---|---|
| 008 | 210716s2004 xx 000 0 und d | ||
| 020 | _a032423094X | ||
| 041 | _aeng | ||
| 082 | _a519.5068 ANDD | ||
| 100 | _aAnderson, David R;Sweeney, Dennis J;Williams, Thomas A. | ||
| 245 |
_aContemporary management science: with spreadsheets. _bWith spreadsheets. |
||
| 260 |
_aCanada _bSouth Western Thomson learning _c2004 |
||
| 300 | _axv,528 | ||
| 650 | _aStatistical Mathematics(519.5) | ||
| 999 |
_c198812 _d198812 |
||